000
00302 a2200145 4500
001
170975
020
_a
040
_c
Magnum
100
_a
Marins Filho, Luiz A.
240
1
0
_a
Profissao: vencedor
_l
por
245
1
0
_a
Profissao: vencedor
362
0
_a
1899
697
_a
ADMINISTRACAO
942
_c
BK
999
_c
170975
_d
170975